000
00319 a2200145 4500
001
154782
040
_c
Escola São Tomás de Aquino
240
1
0
_a
Projeto Lumirá História
_l
por
245
1
0
_a
Projeto Lumirá História
300
_a
144
362
0
_a
2013
440
1
_a
Ática
697
_a
HISTÓRIA
942
_c
BK
999
_c
154782
_d
154782